00559pab a2200181 454500008004000000100001700040245007000057260000900127300001300136362001100149650002000160650002200180773003400202908000600236909001100242999001900253952010500272180718b2013 xxu||||| |||| 00| 0 eng d aShukla, S.P. aMyopia, distortions and blind spots in the vision document of AAP c2013 ap.16-18. a16 Feb aAam Aadmi Party aPolitical parties aEconomic and Political Weekly aN a102340 c102338d102338 00104070aIIPAbIIPAd2018-07-19hVolume no: 48, Issue no: 7pAR102800r2018-07-19w2018-07-19yAR